Hướng dẫn thí nghiệm chuyên ngành vật liệu silicat

Enregistré dans:
Détails bibliographiques
Collectivité auteur: Bộ môn Silicat
Format: Livre
Langue:Undetermined
Publié: Thành phố Hồ Chí Minh Đại Học Quốc Gia Thành phố Hồ Chí Minh 2003
Sujets:
Tags: Ajouter un tag
Pas de tags, Soyez le premier à ajouter un tag!
Thư viện lưu trữ: Trung tâm Học liệu Trường Đại học Cần Thơ
LEADER 00639nam a2200193Ia 4500
001 CTU_119656
008 210402s9999 xx 000 0 und d
020 |c 16000 
082 |a 620.13 
082 |b B450 
110 |a Bộ môn Silicat 
245 0 |a Hướng dẫn thí nghiệm chuyên ngành vật liệu silicat 
245 0 |c Bộ môn Silicat 
260 |a Thành phố Hồ Chí Minh 
260 |b Đại Học Quốc Gia Thành phố Hồ Chí Minh 
260 |c 2003 
650 |a Building materials,Clay industries 
904 |i Minh 
980 |a Trung tâm Học liệu Trường Đại học Cần Thơ